000 00507nam a2200169Ia 4500
003 GCL
008 140319s9999 xx 000 0 ara d
040 _aGCL /
_cGCL
082 0 4 _a780.92
_bل م
100 1 _aليلى مليحة فياض
245 1 0 _aموسوعة اعلام الموسيقى العرب والاجانب /
_cليلى مليحة فياض
300 _a645 ص
490 _a
650 0 4 _aالموسيقى الغربية
650 0 4 _aالموسيقيون - تراجم
942 _2ddc
_cBK
999 _c37571
_d37571